Les joueurs avec le plus de buts par poste (4-3-3) - Statistiques

Statistiques générales
  • Ce quiz a été pris 71 fois
  • Le résultat moyen est 2 sur 11
Statistiques - réponses
Poste Buts Joueurs % Correct
AG 934 Cristiano Ronaldo
100%
AD 860 Lionel Messi
98%
MDC 297 Frank Lampard
22%
G 131 Rogério Ceni
6%
DC 253 Ronald Koeman
3%
BU 805 Josef Bican
2%
MOC 517 Zico
2%
MC 312 Bobby Charlton
0%
DD 134 Daniel Passarella
0%
DC 163 Fernando Hierro
0%
DG 113 Steve Bruce
0%
Aucun quiz correspondant
Distribution des résultats
% des personnes avec chaque résultat
Percentile par nombre de réponses
Votre historique - résultats
Vous n’avez pas pris ce quiz